LIBRARY & INFORMATION CENTRE, KCAET, TAVANUR

ONLINE PUBLIC ACCESS CATALOGUE (OPAC)

National bibliography of Indian literature 1901-1953, Vol 1 / (Record no. 5743)

MARC details
000 -LEADER
fixed length control field 00452cam a2200169ua 4500
041 ## - LANGUAGE CODE
Language code of text/sound track or separate title eng
082 ## - DEWEY DECIMAL CLASSIFICATION NUMBER
Classification number 015.54
Item number KES/NA
100 ## - MAIN ENTRY--AUTHOR NAME
Personal name Kesavan , B S .
245 ## - TITLE STATEMENT
Title National bibliography of Indian literature 1901-1953, Vol 1 /
250 ## - EDITION STATEMENT
Edition statement 1 /
260 ## - PUBLICATION, DISTRIBUTION, ETC. (IMPRINT)
Place of publication New Delhi :
Name of publisher Sahitya Academy ,
Year of publication 1962.
300 ## - PHYSICAL DESCRIPTION
Number of Pages 797 ; .
700 1# - ADDED ENTRY--PERSONAL NAME
Personal name Kulkarni , V Y .
942 ## - ADDED ENTRY ELEMENTS (KOHA)
Koha item type Books
Holdings
Withdrawn status Lost status Damaged status Home library Current library Date acquired Full call number Accession Number Koha item type
      KAUAET KAUAET 07/04/2012 015.54 4326 Books
free website counter